Big questions in ecology and evolution (Record no. 115526)

MARC details
000 -LEADER
fixed length control field 00697nam a2200229Ia 4500
008 - FIXED-LENGTH DATA ELEMENTS--GENERAL INFORMATION
fixed length control field 191130s2009##################000#0#eng##
020 ## - INTERNATIONAL STANDARD BOOK NUMBER
ISBN 9780199548613
082 ## - DEWEY DECIMAL CLASSIFICATION NUMBER
Classification number 576.8 SHE
100 ## - MAIN ENTRY--AUTHOR NAME
Personal name Sherratt, Thomas N
245 ## - TITLE STATEMENT
Title Big questions in ecology and evolution
Statement of responsibility, etc Thomas N. Sherratt, David M. Wilkinson
260 ## - PUBLICATION, DISTRIBUTION, ETC. (IMPRINT)
Place of publication Oxford
Name of publisher Oxford University Press
Year of publication 2009
300 ## - PHYSICAL DESCRIPTION
Number of Pages xi, 297 p. : ill. ; 24 cm.
500 ## - GENERAL NOTE
General note Includes bibliographical references and index
650 ## - SUBJECT ADDED ENTRY--TOPICAL TERM
Topical Term Ecology
Topical Term Evolution (Biology)
700 ## - ADDED ENTRY--PERSONAL NAME
Personal name Wilkinson, David M
991 ## -
-- 251287
Holdings
Withdrawn status Lost status Damaged status Not for loan Home library Current library Shelving location Date acquired Full call number Accession Number Price effective from Koha item type
        Anna Centenary Library Anna Centenary Library 5TH FLOOR, A WING 12.10.2020 576.8 SHE 141096 12.10.2020 English Books

Find us on the map